000 00223nam a2200085Ia 4500
008 170620s9999 xx 000 0 und d
100 _aParameswaran- E. G.
245 0 _aExperimental Psychology
260 _bNew Delhi- Neelkamal Pvt. Ltd.
260 _c2011
999 _c25257
_d25257